000 00216nam a22000857a 4500
008 161129b xxu||||| |||| 00| 0 eng d
100 _91532
_aMallik.v
245 _aStudy Guide For Class
260 _aNew Delhi
_bNCERT
_c1985
999 _c4261
_d4261